Vývoj papírových platidel od roku 1918
Vznik samostaného štátu v roku 1918 (ČSR) - vlastná mena. Príprava a tlač prvých papierových platidiel. Založenie Národní banky Československé (1926). Vojnové platidlá a príprava povojnových peňazí. Bankovky socialistickej éry. Česká koruna a nové bankovky po roku 1993.
Salvato in:
| Autore principale: | |
|---|---|
| Natura: | Capitolo di libro |
| Lingua: | ceco |
| Soggetti: | |
| Tags: |
Nessun Tag, puoi essere il primo ad aggiungerne!!
|
MARC
| LEADER | 00000naa a2200000 4500 | ||
|---|---|---|---|
| 001 | r049253 | ||
| 005 | 20231004072919.8 | ||
| 041 | 0 | |a cze | |
| 044 | |a CZ | ||
| 245 | 1 | 0 | |a Vývoj papírových platidel od roku 1918 |c Vladimír Kudlík |
| 520 | |a Vznik samostaného štátu v roku 1918 (ČSR) - vlastná mena. Príprava a tlač prvých papierových platidiel. Založenie Národní banky Československé (1926). Vojnové platidlá a príprava povojnových peňazí. Bankovky socialistickej éry. Česká koruna a nové bankovky po roku 1993. | ||
| 610 | 2 | 0 | |a peniaze |
| 610 | 2 | 0 | |a bankovky |
| 610 | 2 | 0 | |a koruna |
| 610 | 2 | 0 | |a Česko |
| 610 | 2 | 0 | |a ČSR |
| 610 | 2 | 0 | |a 1918 |
| 610 | 2 | 0 | |a 1993 |
| 610 | 2 | 0 | |a história |
| 100 | 1 | |a Kudlík, Vladimír | |